| 000 | 00362nam a2200133 4500 | ||
|---|---|---|---|
| 999 |
_c9607 _d9607 |
||
| 003 | OSt | ||
| 005 | 20210705122508.0 | ||
| 008 | 210705b ||||| |||| 00| 0 eng d | ||
| 020 | _a9781873394632 | ||
| 082 |
_a721.0288 _bWAT |
||
| 100 | _a Watt, David, 1963- | ||
| 245 | _aConservation of historic buildings and their contents : addressing the conflic | ||
| 942 | _2ddc | ||